Statistics for Biggest Cities on the Volga River

Click here to take the quiz!

General Stats

  • This quiz has been taken 18 times
  • The average score is 6 of 16

Answer Stats

PopulationCity% Correct
1,021,215Volgograd
94%
1,250,619Nizhny Novgorod
72%
1,164,685Samara
67%
1,143,535Kazan
67%
837,900Saratov
56%
591,486Yaroslavl
50%
520,339Astrakhan
44%
614,786Ulyanovsk
39%
719,632Tolyatti
33%
268,742Kostroma
28%
403,606Tver
22%
453,721Cheboksary
17%
202,419Engels
17%
314,255Volzhsky
11%
200,771Rybinsk
11%
199,690Balakovo
11%

Score Distribution

Percentile by Number Answered

Percent of People with Each Score

Your Score History

You have not taken this quiz